[Event "Siebenlehn op 13th"]
[Site "Siebenlehn"]
[Date "2012.12.27"]
[Round "1"]
[White "Schneider, Mathias"]
[Black "Eperjesi, Laszlo"]
[Result "0-1"]
[WhiteElo "1704"]
[BlackElo "2187"]
[PlyCount "54"]
[EventDate "2012.12.27"]
[EventType "swiss"]
[EventRounds "7"]
[EventCountry "GER"]
[SourceTitle "EXT 2014"]
[Source "ChessBase"]
[SourceDate "2013.11.20"]
[SourceVersion "1"]
[SourceVersionDate "2013.11.20"]
[SourceQuality "1"]

1. c4 c5 2. g3 Nc6 3. Bg2 g6 4. Nc3 Bg7 5. Nf3 e5 6. 0-0 Nge7 7. d3 0-0 8. Be3 d6 9. Qd2 Nf5 10. Nd5 Rb8 11. Rab1 a5 12. a3 Be6 13. b4 axb4 14. axb4 Bxd5 15. cxd5 Nxb4 16. Rxb4 cxb4 17. Qxb4 Nxe3 18. fxe3 b5 19. Rc1 Qb6 20. d4 Rfc8 21. Rxc8+ Rxc8 22. Kf2 exd4 23. Nxd4 Bxd4 24. Qxd4 Qxd4 25. exd4 b4 26. Be4 b3 27. Ke3 Re8 0-1

[Event "Dresden ZMD op-B 21st"]
[Site "Dresden"]
[Date "2012.08.20"]
[Round "3"]
[White "Siegl, Detlef"]
[Black "Schneider, Mathias"]
[Result "1-0"]
[WhiteElo "1776"]
[BlackElo "1593"]
[PlyCount "127"]
[EventDate "2012.08.18"]
[EventType "swiss"]
[EventRounds "9"]
[EventCountry "GER"]
[SourceTitle "CBM 150 Extra"]
[Source "ChessBase"]
[SourceDate "2012.10.19"]
[SourceVersion "1"]
[SourceVersionDate "2012.10.19"]
[SourceQuality "1"]

1. e4 d6 2. d4 g6 3. f3 Bg7 4. Be3 Nf6 5. Nc3 c6 6. Qd2 b5 7. Bh6 0-0 8. Bxg7 Kxg7 9. 0-0-0 b4 10. Na4 Qa5 11. b3 Bd7 12. Kb1 c5 13. Nb2 cxd4 14. Qxd4 Qc5 15. Qxc5 dxc5 16. e5 Nh5 17. Nd3 Kg8 18. Nxc5 Bc6 19. Nh3 a5 20. Bc4 Ra7 21. Rd2 Rc7 22. Na6 Nxa6 23. Bxa6 a4 24. Rhd1 axb3 25. cxb3 Ra7 26. Bc4 Ng7 27. Rd8 Nf5 28. Rxf8+ Kxf8 29. Rd8+ Kg7 30. Rd3 h6 31. Ng1 g5 32. Kb2 Nh4 33. g3 Ng6 34. Re3 Rd7 35. Kc1 Ra7 36. Re2 Rd7 37. e6 fxe6 38. Rxe6 Rd6 39. Rxd6 exd6 40. Kb2 Ne5 41. Be2 h5 42. f4 gxf4 43. gxf4 Ng4 44. Bxg4 hxg4 45. Ne2 Kf6 46. Nd4 Be4 47. a4 bxa3+ 48. Kxa3 Ke7 49. Ka4 Kd7 50. Ka5 Kc7 51. Ka6 Bd3+ 52. Ka7 d5 53. b4 Kd6 54. Kb6 Ke7 55. Kc7 Kf6 56. Kd6 Kg6 57. Kxd5 Kh5 58. Ne6 Kh4 59. Ng5 g3 60. hxg3+ Kxg3 61. Ke5 Kg4 62. Ne4 Kh5 63. Nd6 Kg6 64. b5 1-0